| 000 | 00000nam 2200000zi 4500 |
| 001 | 9.924922 |
| 003 | CaOODSP |
| 005 | 20230921154051 |
| 006 | m o d f |
| 007 | cr |n||||||||| |
| 008 | 230711t20232023qucdab ob f|0| 0 eng d |
| 020 | |a9780660494340 |
| 040 | |aCaOODSP|beng|erda|cCaOODSP |
| 043 | |an-cn--- |
| 086 | 1 |aEm4-35/2023E-PDF |
| 245 | 00|aCanada's 2023 voluntary national review : |ba continued journey for implementing the 2030 agenda and the sustainable development goals. |
| 264 | 1|a[Gatineau, Québec] : |bGovernment of Canada = Gouvernement du Canada, |c2023. |
| 264 | 4|c©2023 |
| 300 | |a1 online resource (89 pages) : |bcharts, illustrations, maps |
| 336 | |atext|btxt|2rdacontent |
| 337 | |acomputer|bc|2rdamedia |
| 338 | |aonline resource|bcr|2rdacarrier |
| 500 | |aIssued also in French under title: Examen national volontaire 2023 du Canada : une démarche continue à l'appui de la mise en Ĺ“uvre du programme 2030 et de l'atteinte des objectifs de développement durable. |
| 504 | |aIncludes bibliographical references. |
| 650 | 0|aSustainable development|xGovernment policy|zCanada. |
| 710 | 1 |aCanada. |bEmployment and Social Development Canada, |eissuing body. |
| 775 | 08|tExamen national volontaire 2023 du Canada : |w(CaOODSP)9.924923 |
| 856 | 40|qPDF|s3.62 MB|uhttps://publications.gc.ca/collections/collection_2023/edsc-esdc/Em4-35-2023-eng.pdf |